000 nam a22 7a 4500
999 _c7216
_d7216
008 170731b xxu||||| |||| 00| 0 eng d
100 _93792
_aFortune
245 _aEncyclopedia of Mathematics
260 _aNew Delhi
_bFortune Books
_c2004